000
00205 a2200097 4500
001
28985
100
_a
Levy M.J
245
_a
The structure of society
260
_a
_b
Princeton
_c
090
_c
19376
_d
19376
942
_a
NUST-CAE
_c
M
_c
10420
999
_c
264058
_d
264058